日本の元号 - Statistics

General Stats
  • This quiz has been taken 422 times
  • The average score is 25 of 248
Answer Stats
Hint Answer % Correct
1989~2019 平成
97%
1926~1989 昭和
96%
2019~ 令和
96%
1912~1926 大正
95%
1868~1912 明治
94%
645〜650 大化
73%
1865~1868 慶応
65%
1831~1845 天保
49%
1716~1736 享保
40%
1467~1469 応仁
39%
729~749 天平
38%
1596~1615 慶長
38%
1789~1801 寛政
38%
1688~1704 元禄
33%
1593~1596 文禄
32%
1804~1818 文化
32%
1624~1645 寛永
30%
1264~1275 文永
29%
1855~1860 安政
29%
1278~1288 弘安
28%
1219~1222 承久
27%
650~655 白雉
26%
1573~1593 天正
26%
1818~1831 文政
25%
708~715 和銅
24%
1334~1336(南朝)1334~1338(北朝) 建武
23%
1781~1789 天明
23%
701~704 大宝
22%
1156~1159 保元
21%
1159~1160 平治
21%
1764~1772 明和
21%
767~770 神護景雲
20%
749~749 天平感宝
19%
749~757 天平勝宝
19%
765~767 天平神護
18%
1615~1624 元和
18%
1655~1658 明暦
18%
1848~1855 嘉永
18%
968~970 安和
17%
1570~1573 元亀
17%
1704~1711 宝永
17%
757~765 天平宝字
16%
885~889 仁和
16%
782~806 延暦
15%
1861~1864 文久
15%
717~724 養老
14%
1469~1487 文明
14%
859~877 貞観
13%
901~923 延喜
13%
1394~1428 応永
13%
1864~1865 元治
13%
686~687 朱鳥
12%
810~824 弘仁
12%
834~848 承和
12%
947~957 天暦
12%
1375~1379(北朝) 永和
12%
1492~1501 明応
12%
1681~1684 天和
12%
1182~1184 寿永
11%
1293~1299 永仁
11%
1441~1444 嘉吉
11%
1558~1570 永禄
11%
1711~1716 正徳
11%
1772~1781 安永
11%
715~717 霊亀
10%
938~947 天慶
10%
1177~1181 治承
10%
1532~1555 天文
10%
724~729 神亀
9%
770~781 宝亀
9%
931~938 承平
9%
1751~1764 宝暦
9%
1860~1861 万延
9%
781~782 天応
8%
1232~1233 貞永
8%
1350~1352(北朝) 観応
8%
1648~1652 慶安
8%
1741~1744 寛保
8%
857~859 天安
7%
1069~1074 延久
7%
1124~1126 天治
7%
1185~1190 文治
7%
1247~1249 宝治
7%
1331~1334(大覚寺統) 元弘
7%
1390~1394(北朝) 明徳
7%
1428~1429 正長
7%
806~810 大同
6%
824~834 天長
6%
889~898 寛平
6%
1110~1113 天永
6%
1201~1204 建仁
6%
1312~1317 正和
6%
1361~1362(北朝) 康安
6%
1381~1384(南朝) 弘和
6%
1429~1441 永享
6%
1452~1455 享徳
6%
1801~1804 享和
6%
1845~1848 弘化
6%
704~708 慶雲
5%
898~901 昌泰
5%
957~961 天徳
5%
985~987 寛和
5%
1081~1084 永保
5%
1099~1104 康和
5%
1108~1110 天仁
5%
1113~1118 永久
5%
1160~1161 永暦
5%
1234~1235 文暦
5%
1238~1239 暦仁
5%
1249~1256 建長
5%
1324~1326 正中
5%
1345~1350(北朝) 貞和
5%
1352~1356(北朝) 文和
5%
1461~1466 寛正
5%
1504~1521 永正
5%
1661~1673 寛文
5%
1684~1688 貞享
5%
1736~1741 元文
5%
848~851 嘉祥
4%
851~854 仁寿
4%
923~931 延長
4%
961~964 応和
4%
970~974 天禄
4%
976~978 貞元
4%
978~983 天元
4%
990~995 正暦
4%
995~999 長徳
4%
1017~1021 寛仁
4%
1040~1044 長久
4%
1044~1046 寛徳
4%
1084~1087 応徳
4%
1087~1095 寛治
4%
1097~1099 承徳
4%
1141~1142 永治
4%
1181~1182 養和
4%
1288~1293 正応
4%
1302~1303 乾元
4%
1317~1319 文保
4%
1347~1370(南朝) 正平
4%
1381~1384(北朝) 永徳
4%
1449~1452 宝徳
4%
1466~1467 文正
4%
1487~1489 長享
4%
1501~1504 文亀
4%
1521~1528 大永
4%
1555~1558 弘治
4%
1645~1648 正保
4%
1652~1655 承応
4%
1658~1661 万治
4%
1673~1681 延宝
4%
1748~1751 寛延
4%
877~885 元慶
3%
974~976 天延
3%
983~985 永観
3%
987~989 永延
3%
1013~1017 長和
3%
1024~1028 万寿
3%
1028~1037 長元
3%
1046~1053 永承
3%
1053~1058 天喜
3%
1058~1065 康平
3%
1065~1069 治暦
3%
1074~1077 承保
3%
1106~1108 嘉承
3%
1120~1124 保安
3%
1126~1131 大治
3%
1131~1132 天承
3%
1142~1144 康治
3%
1145~1151 久安
3%
1161~1163 応保
3%
1169~1171 嘉応
3%
1184~1185 元暦
3%
1190~1199 建久
3%
1199~1201 正治
3%
1204~1206 元久
3%
1207~1211 承元
3%
1214~1219 建保
3%
1225~1228 嘉禄
3%
1240~1243 仁治
3%
1243~1247 寛元
3%
1260~1261 文応
3%
1319~1321 元応
3%
1321~1324 元亨
3%
1326~1329 嘉暦
3%
1329~1331(大覚寺統)1329~1332(持明院統) 元徳
3%
1338~1342(北朝) 暦応
3%
1342~1345(北朝) 康永
3%
1368~1375(北朝) 応安
3%
1444~1449 文安
3%
1489~1492 延徳
3%
964~968 康保
2%
989~990 永祚
2%
999~1004 長保
2%
1004~1013 寛弘
2%
1021~1024 治安
2%
1037~1040 長暦
2%
1077~1081 承暦
2%
1095~1097 嘉保
2%
1097~1097 永長
2%
1104~1106 長治
2%
1118~1120 元永
2%
1135~1141 保延
2%
11514~1154 仁平
2%
1166~1169 仁安
2%
1171~1175 承安
2%
1175~1177 安元
2%
1206~1207 建永
2%
1211~1214 建暦
2%
1222~1224 貞応
2%
1224~1225 元仁
2%
1228~1229 安貞
2%
1229~1232 寛喜
2%
1239~1240 延応
2%
1256~1257 康元
2%
1259~1260 正元
2%
1275~1278 建治
2%
1299~1302 正安
2%
1307~1308 徳治
2%
1308~1311 延慶
2%
1311~1312 応長
2%
1336~1340(南朝) 延元
2%
1340~1347(南朝) 興国
2%
1356~1361(北朝) 延文
2%
1362~1368(北朝) 貞治
2%
1370~1372(南朝) 建徳
2%
1379~1381(北朝) 康暦
2%
1384~1392(南朝) 元中
2%
1384~1387(北朝) 至徳
2%
1389~1390(北朝) 康応
2%
1455~1457 康正
2%
1457~1461 長禄
2%
1528~1532 享禄
2%
1744~1748 延享
2%
854~857 斎衡
1%
1132~1135 長承
1%
1144~1145 天養
1%
1154~1156 久寿
1%
1163~1165 長寛
1%
1165~1166 永万
1%
1233~1234 天福
1%
1235~1238 嘉禎
1%
1257~1259 正嘉
1%
1261~1264 弘長
1%
1303~1307 嘉元
1%
1332~1333(持明院統) 正慶
1%
1372~1375(南朝) 文中
1%
1375~1381(南朝) 天授
1%
1387~1389(北朝) 嘉慶
1%
No matching quizzes found
Score Distribution
Percent of People with Each Score
Percentile by Number Answered
Your Score History
You have not taken this quiz